Multiple-Choice-Stadtquiz Bern - Statistiken

Allgemein
  • Dieses Quiz wurde 23 mal gespielt
  • Das Durchschnittsergebnis liegt bei 8 aus 10
Antwortstatistiken
Frage Antwort % Korrekt
Welcher dieser Fußballvereine hat seinen Sitz in Bern? BSC Young Boys
100%
Welches Tier befindet sich auf dem Wappen von Bern? Bär
95%
Welcher dieser Flüsse fließt durch Bern? Aare
91%
Welche dieser Sehenswürdigkeiten befindet sich in Bern? Zytglogge
86%
Welches der folgenden Verkehrsmittel gibt es in Bern nicht? Translohr
82%
Welcher dieser Orte ist in die Liste des UNESCO-Weltkulturerbes aufgenommen worden? Altstadt
77%
Welche dieser Städte ist kleiner als Bern? Luzern
68%
In welchem architektonischen Stil ist die Kathedrale von Bern erbaut? Gotik
64%
Welcher der genannten Orte in Bern hat die längste in Europa? Arkaden
59%
Enstein war mit Bern verbunden, warum? Er lebte hier und entdeckte hier die Relativitätstheorie.
45%
Keine übereinstimmenden Quizze gefunden
Verteilung der Resultate
Anzahl Personen mit jedem Resultat
Perzentil nach korrekt beantworteten Fragen
Ihre Resultats-Entwicklung
Sie haben dieses Quiz noch nicht gespielt